<?xml version="1.0" encoding="UTF-8"?><?xml-stylesheet type="text/xsl" href="static/style.xsl"?><OAI-PMH xmlns="http://www.openarchives.org/OAI/2.0/" xmlns:xsi="http://www.w3.org/2001/XMLSchema-instance" xsi:schemaLocation="http://www.openarchives.org/OAI/2.0/ http://www.openarchives.org/OAI/2.0/OAI-PMH.xsd"><responseDate>2026-04-26T21:59:55Z</responseDate><request verb="GetRecord" identifier="oai:uvadoc.uva.es:10324/73268" metadataPrefix="marc">https://uvadoc.uva.es/oai/request</request><GetRecord><record><header><identifier>oai:uvadoc.uva.es:10324/73268</identifier><datestamp>2025-01-13T08:17:10Z</datestamp><setSpec>com_10324_966</setSpec><setSpec>com_10324_952</setSpec><setSpec>com_10324_894</setSpec><setSpec>col_10324_967</setSpec></header><metadata><record xmlns="http://www.loc.gov/MARC21/slim" xmlns:doc="http://www.lyncode.com/xoai" xmlns:xsi="http://www.w3.org/2001/XMLSchema-instance" xmlns:dcterms="http://purl.org/dc/terms/" xsi:schemaLocation="http://www.loc.gov/MARC21/slim http://www.loc.gov/standards/marcxml/schema/MARC21slim.xsd">
<leader>00925njm 22002777a 4500</leader>
<datafield tag="042" ind1=" " ind2=" ">
<subfield code="a">dc</subfield>
</datafield>
<datafield tag="720" ind1=" " ind2=" ">
<subfield code="a">Cisnal De La Rica, Ana</subfield>
<subfield code="e">author</subfield>
</datafield>
<datafield tag="720" ind1=" " ind2=" ">
<subfield code="a">Alonso Linaje, Gonzalo</subfield>
<subfield code="e">author</subfield>
</datafield>
<datafield tag="720" ind1=" " ind2=" ">
<subfield code="a">Fraile Marinero, Juan Carlos</subfield>
<subfield code="e">author</subfield>
</datafield>
<datafield tag="720" ind1=" " ind2=" ">
<subfield code="a">Pérez Turiel, Javier</subfield>
<subfield code="e">author</subfield>
</datafield>
<datafield tag="720" ind1=" " ind2=" ">
<subfield code="a">Álvarez, Pablo</subfield>
<subfield code="e">author</subfield>
</datafield>
<datafield tag="720" ind1=" " ind2=" ">
<subfield code="a">Martinez, Socorro</subfield>
<subfield code="e">author</subfield>
</datafield>
<datafield tag="260" ind1=" " ind2=" ">
<subfield code="c">2024</subfield>
</datafield>
<datafield tag="520" ind1=" " ind2=" ">
<subfield code="a">Prolonged hospitalization in severe COVID-19 cases can lead to substantial muscle loss and functional deterioration. While rehabilitation is essential, conventional approaches face capacity challenges. Therefore, evaluating the effectiveness of robotic-assisted rehabilitation for patients with post-COVID-19 fatigue syndrome to enhance both motor function and overall recovery holds paramount significance. Our objective is to assess the effectiveness of rehabilitation in post-COVID-19 patients with upper extremity impairment through the utilization of a hand exoskeleton-based robotic system. Methods: A total of 13 participants experiencing acute or limited functional or strength impairment in an upper extremity due to COVID-19 were enrolled in the study. A structured intervention consisted of 45 min therapy sessions, conducted four times per week over a six-week period, utilizing a hand exoskeleton. The research employed standardized health assessments, motion analysis, and semi-structured interviews for pre-intervention and follow-up evaluations. Paired sample t-tests were employed to statistically analyze the outcomes. Results: The outcomes showed a reduction in overall dependence levels across participants, positive changes in various quality of life-related measurements, and an average increase of 60.4 ± 25.7% and 28.7 ± 11.2% for passive and active flexion, respectively. Conclusions: Our data suggest that hand exoskeleton-based robotic systems hold promise to optimize the rehabilitation outcomes following severe COVID-19. Trial registration: ID NCT06137716 at ClinicalTrials.gov.</subfield>
</datafield>
<datafield tag="024" ind2=" " ind1="8">
<subfield code="a">Journal of Clinical Medicine, 2024, vol. 13, n. 6, p. 1543</subfield>
</datafield>
<datafield tag="024" ind2=" " ind1="8">
<subfield code="a">https://uvadoc.uva.es/handle/10324/73268</subfield>
</datafield>
<datafield tag="024" ind2=" " ind1="8">
<subfield code="a">10.3390/jcm13061543</subfield>
</datafield>
<datafield tag="024" ind2=" " ind1="8">
<subfield code="a">1543</subfield>
</datafield>
<datafield tag="024" ind2=" " ind1="8">
<subfield code="a">6</subfield>
</datafield>
<datafield tag="024" ind2=" " ind1="8">
<subfield code="a">Journal of Clinical Medicine</subfield>
</datafield>
<datafield tag="024" ind2=" " ind1="8">
<subfield code="a">13</subfield>
</datafield>
<datafield tag="024" ind2=" " ind1="8">
<subfield code="a">2077-0383</subfield>
</datafield>
<datafield tag="245" ind1="0" ind2="0">
<subfield code="a">Tackling Post-COVID-19 Rehabilitation Challenges: A Pilot Clinical Trial Investigating the Role of Robotic-Assisted Hand Rehabilitation</subfield>
</datafield>
</record></metadata></record></GetRecord></OAI-PMH>